000 00714cam a2200253 4500
001 B2318
008 090401t1989 xxu||||| |||| 00| 0 eng d
035 _a(Sirsi) u49289
041 _aeng
050 _a658.1142
110 _aHeidrick and Struggles International
_92901
245 4 _aThe managing partner and professional partnerships
260 _aLondon
_bHeidrick and Struggles International
_c1989
300 _a30p. ; 30cm.
350 _a0
520 _aBased on a survey conducted by the firm in 1988.
650 _aINCORPORATION
650 _aMANAGING PARTNERS
650 _aPARTNERSHIP
650 _aSENIOR PARTNERS
690 _aPROFESSIONAL PRACTICE
942 _n0
948 _c04/03/1997
999 _c92545
_d92545